عرض عادي عرض مارك
  • Cooper, Cyrus.

مدخل إسم شخص

عدد التسجيلات المستخدمة في: 1

001 - رقم الضبط

  • حقل الضبط: 17546

003 - معرف رقم الضبط

  • حقل الضبط: OSt

005 - تاريخ ووقت أخر عملية

  • حقل الضبط: 20121022221946.0

008 - عناصر بيانات ثابتة الطول

  • حقل تحكم ثابت الطول: 121022|||a|||||| | ||| d

040 ## - مصدر الفهرسة

  • هيئة الفهرسة الأصلية: OSt
  • وكالة الكتابة: OSt

100 ## - مدخل -- أسم شخص

  • إسم شخص: Cooper, Cyrus.

670 ## - بيانات المصدر موجوده

  • الاستشهاد بالمصدر: Work cat.: (OSt)0: Barker, D. J. P. (David James Purslove) 17545, Epidemiology in medical practice /, 1998.